000 00667nam a2200217 a 4500
005 20140412111239.0
008 010117s19uu xx 00 eng d
020 _a0-394-84836-5
050 _aTR(PS E
_bBe35Vi 1981
050 _aER
_bBe35Vi 1981
100 _aBerenstain, Stan
245 _aBerenstain Bears: Visits the dentist (The) /
_cStan and Jan Berenstain.
260 _aNew York :
_bRandom House,
_c1981.
300 _a1 v. (unp.) ; ill. ; col.
440 _aFirst Time Books
520 _aSister and Brother get some needed dental attention.
650 _aBears -- Fiction
650 _aDental care -- Fiction
999 _c102639
_d102639